Top 15 strzelców Premier League 22/23 - Statystyki

Ogólne statystyki
  • Ten quiz został rozwiązany 103 razy
  • Średni wynik to 11 z 15
Statystyki odpowiedzi
Klub Bramek Piłkarz % Poprawnych
City 36 Haaland
100%
Tottenham 30 Kane
98%
Liverpool 19 Salah
98%
Arsenal 14 Saka
91%
United 17 Rashford
85%
Arsenal 15 Martinelli
80%
Brentford 20 Toney
76%
Arsenal 15 Odegaard
74%
City 11 Foden
73%
Aston V 15 Watkins
71%
Newcastle 18 Wilson
55%
Fulham 14 Mitrović
54%
Newcastle 11 Almiron
48%
Leicester 13 Barnes
33%
Leeds 13 Rodrigo
26%
Nie znaleziono quizów pasujących do podanych kryteriów
Rozkład punktacji
Procent ludzi z każdym wynikiem
Percentyl według liczby udzielonych odpowiedzi
Twoja historia wyników
Nie rozwiązałeś tego quizu